00810nam a2200205 i 450000100060000000300090000600500170001500700030003200800410003510000240007624502070010026000340030730000260034149000600036765000230042765000330045070000400048383000600052385200210058370776ES-MaACL20251001141054.0t|040802s1934 sp ||||1| spa d1 aGarófalo, Pietro.10aPrincipios de Derecho Constitucional y organización política del Estado fascista italiano / cpor Pietro Garófalo ; traducido de la 2ª ed. italiana e introducción por Faustino Menéndez-Pidal. aMadrid : bGóngora, c1934. aXV, 261 p. ; c19 cm.1 aBiblioteca de derecho, sociología y política ; v12 aFascismo-zItalia. 4aDerecho político-zItalia.1 aMenéndez Pidal, Faustino, d1924-0 aBiblioteca de derecho, sociología y política ; v12 aES-MaACLjA-2147